| 000 | 00409nam a2200109Ia 4500 | ||
|---|---|---|---|
| 008 | 160909s9999 xx 000 0 und d | ||
| 100 | _aAlsaadi, Abdulrahman | ||
| 245 | _aSmart smoke and fire detection with wireless and global system for mobile technology | ||
| 260 |
_bCalifornia State University, Long Beach. _c2016 |
||
| 650 | _aMASS COM | ||
| 856 | _uhttp://pqdtopen.proquest.com/doc/1758942590.html?FMT=ABS | ||
| 999 |
_c304245 _d304245 |
||